1882 1386 1324 1238 1822 1742 1649 1310 1234 1799 1690 1904 1387 1589 1048 1737 1784 1501 1585 1494 1291 1314 1119 1652 1168 1132 1251 1727 1087 1836 1448 1066 1694 1338 1306 1686 1068 1537 1626 1541 1638 1653 1709 1527 1696 1932 1934 1374 1565 1908 1546 1468 1595 1802 1192 1014 1015 1720 1046 1519 1609 1886 1449 1170 1973 1886 1673 1132 1358 1487 1277 1381 1168 1016 1347 1959 1986 1498 1104 1449 1747 1595 1687 1687 1663 1595 1676 1232 1076 1059 1784 1378 1862 1204 1544 1042 1987 1711 1366 BCNSPRNW ULIB Ver.6.0+V

เปลี่ยนเป็นภาษาไทย

Change to English
 แสดงรายละเอียดบรรณานุกรม
  กลับหน้าหลัก

Brief Record : Get Marc (ISO 2709) : E-mail record : QR code < ปิดหน้าต่าง
LEADER : 00000nam 2200000uu 4500
001    13399126411
003     ULIB
008    020711s2018 th a 000 0 eng d
020    ^a9781496351364
060    ^aWY86^bL913L
100    ^aLucy Hood RN, DNSc
245    ^aLeddy & Pepper s Professional Nursing
250    ^a9th ed
260    ^aPhiladelphia :^bWolters Kluwer,^c2018
300    ^a610 pages;^b26 cm
650    ^aNursing Theory
650    ^aNursing-trends
945    ^p2618^l0^i004636
999    ^aประนอม เกษจรัล
รายการนี้ยังไม่มีแท็ก
คุณยังไม่ได้ล็อกอิน คุณสามารถมีกิจกรรมร่วมกับเว็บไซต์ได้ แต่ต้องล็อกอินก่อน ::
  ล็อกอิน

รายการสื่อสารสนเทศ

ลำดับที่ ประเภท เลขเรียก/บาร์โค้ด สถานที่ สถานะ
1. Book การพยาบาล
หนังสือสำรอง
สถานะ=หนังสือสำรอง
WY86 L913L ฉ.1 
  Barcode: 004636
ห้องสมุดวิทยาเขตสวรรค์ประชารักษ์
►หนังสือทั่วไป
บนชั้น

รายการใกล้เคียง
    ชื่อเรื่อง [Leddy & Pepper s Professional Nursing]

    ผู้แต่ง [Lucy Hood RN, DNSc]

    หัวเรื่อง [Nursing Theory]
    หัวเรื่อง [Nursing-trends]

BibComment


ยังไม่เคยถูกคอมเมนท์

คอมเมนท์ทรัพยากรรายการนี้
  คอมเมนท์: Leddy Pepper s ..


 Copyright 2026. Bcnsprnw @Library